Detalles MARC
| 000 -CABECERA |
| fixed length control field |
01769nam a2200373 a 4500 |
| 003 - CONTROL NUMBER IDENTIFIER |
| control field |
AR-BeUNQ |
| 005 - FECHA Y HORA DE LA ULTIMA TRANSACCION |
| control field |
20220224182341.0 |
| 008 - ELEMENTOS DE LONGITUD FIJA-INFORMACION GENERAL |
| fixed length control field |
170310s2013 ag ad d f 000 spa d |
| 020 ## - NUMERO INTERNACIONAL NORMALIZADO PARA LIBROS |
| Número Internacional Normalizado del libro |
9789875475281 |
| 040 ## - FUENTE DE CATALOGACION |
| Agencia de catalogación original |
AR-BeUNQ |
| Idioma de catalogación |
ESPAÑOL |
| 082 04 - NUMERO DE CLASIFICACION DECIMAL DEWEYMBER |
| Número de clasificación |
510.7 |
| Número de la edición |
21 |
| 245 00 - MENCION DE TITULO |
| Título |
Matemática. |
| Número de la parte/sección de la obra |
2. |
| 250 ## - MENCION DE EDICION |
| Mención de edición |
1a ed., 3a reimpr. |
| 260 ## - PUBLICACION, DISTRIBUCION, ETC. |
| Lugar de publicación, distribución, etc. |
San Isidro : |
| Nombre del editor, distribuidor, etc. |
Puerto de Palos, |
| Fecha de publicación, distribución, etc |
c2013. |
| 300 ## - DESCRIPCION FISICA |
| Extensión |
240, 15 p. : |
| Otros detalles físicos |
il., gráficos ; |
| Dimensiones |
27 cm. |
| 490 1# - MENCION DE SERIE |
| Mención de serie |
Activados |
| 505 0# - NOTA DE CONTENIDO |
| Nota de contenido con formato preestablecido |
Números enteros -- Ecuaciones -- Números racionales I (positivos) -- Números racionales II -- Funciones -- Rectas y ángulos -- Figuras planas -- Cuerpos -- Probabilidad y estadística -- Trabajos prácticos -- Control de resultados -- Foto activados |
| 650 #7 - ASIENTO SECUNDARIO DE MATERIA - TERMINO TEMATICO |
| Término temático o nombre geográfico como elemento de entrada |
Números enteros |
| Fuente del encabezamiento o términ |
spines |
| 650 #7 - ASIENTO SECUNDARIO DE MATERIA - TERMINO TEMATICO |
| Término temático o nombre geográfico como elemento de entrada |
Ecuaciones |
| Fuente del encabezamiento o términ |
spines |
| 650 #7 - ASIENTO SECUNDARIO DE MATERIA - TERMINO TEMATICO |
| Término temático o nombre geográfico como elemento de entrada |
Números racionales |
| Fuente del encabezamiento o términ |
spines |
| 650 #7 - ASIENTO SECUNDARIO DE MATERIA - TERMINO TEMATICO |
| Término temático o nombre geográfico como elemento de entrada |
Funciones (matemáticas) |
| Fuente del encabezamiento o términ |
spines |
| 650 #7 - ASIENTO SECUNDARIO DE MATERIA - TERMINO TEMATICO |
| Término temático o nombre geográfico como elemento de entrada |
Geometría plana |
| Fuente del encabezamiento o términ |
spines |
| 650 #7 - ASIENTO SECUNDARIO DE MATERIA - TERMINO TEMATICO |
| Término temático o nombre geográfico como elemento de entrada |
Geometría del espacio |
| Fuente del encabezamiento o términ |
spines |
| 650 #7 - ASIENTO SECUNDARIO DE MATERIA - TERMINO TEMATICO |
| Término temático o nombre geográfico como elemento de entrada |
Análisis estadístico |
| Fuente del encabezamiento o términ |
spines |
| 650 #7 - ASIENTO SECUNDARIO DE MATERIA - TERMINO TEMATICO |
| Término temático o nombre geográfico como elemento de entrada |
Enseñanza media |
| Fuente del encabezamiento o términ |
spines |
| 650 #7 - ASIENTO SECUNDARIO DE MATERIA - TERMINO TEMATICO |
| Término temático o nombre geográfico como elemento de entrada |
Manuales |
| Fuente del encabezamiento o términ |
spines |
| 830 #0 - ASIENTO SECUNDARIO DE SERIE--TITULO UNIFORME |
| 9 (RLIN) |
157 |
| Título uniforme |
Activados (Puerto de Palos) |
| Language of a work |
Español |
| 929 ## - DATOS DE ADQUISICION |
| Procedencia |
COMPRA |
| Proveedor |
Stratford Book Services |
| Orden de compra |
2a compra 2016 Exp. 827-0946/16 |
| Precio |
370,00 |
| Fecha de recibido |
20170102 |
| Patrimonio UNQ |
PAT0066211 |
| Número de inventario |
55470 |
| 929 ## - DATOS DE ADQUISICION |
| Procedencia |
COMPRA |
| Proveedor |
Stratford Book Services |
| Orden de compra |
2a compra 2016 Exp. 827-0946/16 |
| Precio |
370,00 |
| Fecha de recibido |
20170102 |
| Patrimonio UNQ |
PAT0066212 |
| Número de inventario |
55471 |
| 929 ## - DATOS DE ADQUISICION |
| Procedencia |
COMPRA |
| Proveedor |
Stratford Book Services |
| Orden de compra |
2a compra 2016 Exp. 827-0946/16 |
| Precio |
370,00 |
| Fecha de recibido |
20170102 |
| Patrimonio UNQ |
PAT0066213 |
| Número de inventario |
55472 |
| 929 ## - DATOS DE ADQUISICION |
| Procedencia |
COMPRA |
| Proveedor |
Stratford Book Services |
| Orden de compra |
2a compra 2016 Exp. 827-0946/16 |
| Precio |
370,00 |
| Fecha de recibido |
20170102 |
| Patrimonio UNQ |
PAT0066214 |
| Número de inventario |
55473 |
| 929 ## - DATOS DE ADQUISICION |
| Procedencia |
COMPRA |
| Proveedor |
Stratford Book Services |
| Orden de compra |
2a compra 2016 Exp. 827-0946/16 |
| Precio |
370,00 |
| Fecha de recibido |
20170102 |
| Patrimonio UNQ |
PAT0066215 |
| Número de inventario |
55474 |
| 942 ## - ELEMENTOS DE PUNTO DE ACCESO ADICIONAL (KOHA) |
| Tipo de ítem Koha |
Libros |
| Suppress in OPAC |
0 |